| 000 | 00448 a2200193 4500 | ||
|---|---|---|---|
| 005 | 20260409124451.0 | ||
| 008 | 260409b |||||||| |||| 00| 0 eng d | ||
| 020 |
_a9789393168078 _cRs. 895.00 |
||
| 040 | _aMAIN | ||
| 082 |
_a575.1 _bS64G(4) |
||
| 100 | _aSingh, B D | ||
| 245 | _aGenetics | ||
| 250 | _a4th | ||
| 260 |
_bMedtech _c2026 _aNew Delhi |
||
| 300 | _axxxiii, 814 | ||
| 650 | _aGenetics | ||
| 650 | _aCell Division | ||
| 942 | _cBK | ||
| 999 |
_c396077 _d396077 |
||